| 000 | 00574nam a2200229Ia 4500 | ||
|---|---|---|---|
| 003 | OSt | ||
| 005 | 20220928102108.0 | ||
| 006 | a|||||r|||| 00| 0 | ||
| 007 | ta | ||
| 008 | 220927b |||||||| |||| 00| 0 eng d | ||
| 024 | _a61905 | ||
| 037 | _cTextual | ||
| 040 |
_aSDCL _cSDCL _beng |
||
| 041 |
_2eng _aeng |
||
| 082 | _aP152,3, P6 | ||
| 100 |
_aSati Sandha _9396552 |
||
| 245 | 0 | _aShabd darshan | |
| 260 |
_aNew Delhi _bSatyam Publishing _c2006 |
||
| 300 |
_a142p _ccm. |
||
| 942 |
_hP152,3, P6 _cTEXL _2CC |
||
| 999 |
_c712304 _d712304 |
||